Managing information : for continual improvement
| Main Author: | |
|---|---|
| Format: | Book |
| Published: |
Oxford :
Butterworth - Heinemann Ltd. ,
1993
|
| Subjects: |
MARC
| LEADER | 00000cam a2200000 7i4500 | ||
|---|---|---|---|
| 001 | 0000006489 | ||
| 005 | 20021126.0 | ||
| 020 | |a 0750606673 | ||
| 040 | |a INS | ||
| 090 | 0 | 0 | |a HD30.213 |b W55 1993 |
| 100 | 1 | |a Wilson, David A. | |
| 245 | 1 | 0 | |a Managing information : |b for continual improvement |c David A. Wilson |
| 260 | |a Oxford : |b Butterworth - Heinemann Ltd. , |c 1993 | ||
| 300 | |a 149p. ; |c 23 cm. | ||
| 650 | 0 | 0 | |a Information management |
| 999 | |a 0000005343 |b BOOK |c Open Shelf |e Default branch | ||